| 000 | 00832cam a2200217 a 4500 | ||
|---|---|---|---|
| 999 |
_c57989 _d57989 |
||
| 001 | 17084025 | ||
| 005 | 20221114122237.0 | ||
| 008 | 111214s2012 nyu b 001 0 eng | ||
| 020 | _a9780415528559x | ||
| 041 | _aeng | ||
| 080 | _a327 th-44 | ||
| 245 | 0 | 4 |
_aThe European Union as a global conflict manager / _cedited by Richard G. Whitman and Stefan Wolff. |
| 264 |
_aNew York : _bRoutledge, _c2012. |
||
| 300 |
_a253 p. ; _c26 cm. |
||
| 653 | _aევროკავშირი, როგორც გლობალური კონფლიქტის მენეჯერი | ||
| 653 | _aპოლიტიკა | ||
| 653 | _aსამართალი | ||
| 700 | 1 |
_aWhitman, Richard G. _911217 _eრედაქტორი |
|
| 700 | 1 |
_aWolff, Stefan _d _911218 _eრედაქტორი |
|
| 942 |
_2udc _cBK |
||